Podnikateľské prostredie a modely vyberania dane

Zavedenie progresívnej dane z príjmov na Slovensku od 1.1.2013. Hlavné argumenty pre zavedenie progresívnej dane.

Guardado en:
Detalles Bibliográficos
Autor principal: Pavelka, Ľuboš, 1962-
Formato: Capítulo de libro
Lenguaje:eslovaco
Materias:
Etiquetas: Agregar Etiqueta
Sin Etiquetas, Sea el primero en etiquetar este registro!

MARC

LEADER 00000naa$a2200000$$$4500
001 0183043
005 20240502073129.8
041 0 |a slo 
044 |a SK 
245 1 0 |a Podnikateľské prostredie a modely vyberania dane  |c Ľuboš Pavelka 
520 |a Zavedenie progresívnej dane z príjmov na Slovensku od 1.1.2013. Hlavné argumenty pre zavedenie progresívnej dane. 
610 2 0 |a prostredie podnikateľské 
610 2 0 |a dane z príjmov 
610 2 0 |a dane progresívne 
610 2 0 |a Slovensko 
100 1 |a Pavelka, Ľuboš, 1962-